Indian retail enters a new era (Record no. 79427)

MARC details
000 -LEADER
fixed length control field 00711cab a22001935a 4500
001 - CONTROL NUMBER
control field L141223
008 - FIXED-LENGTH DATA ELEMENTS--GENERAL INFORMATION
fixed length control field 071105s2007 xxk f 000 0 eng d
035 ## - SYSTEM CONTROL NUMBER
System control number (Sirsi) u141223
041 0# - LANGUAGE CODE
Language code of text/sound track or separate title eng
100 1# - MAIN ENTRY--PERSONAL NAME
Personal name Kiran Gupta, Abhishek
245 00 - TITLE STATEMENT
Title Indian retail enters a new era
260 ## - PUBLICATION, DISTRIBUTION, ETC.
Date of publication, distribution, etc. 2007
490 #0 - SERIES STATEMENT
Series statement Property Forecast
Volume/sequential designation 10(10 October 2007, 7-8(2)
520 ## - SUMMARY, ETC.
Summary, etc. Reports that the growning indian retail secor is rapidly changing. Concludes this presents important opportunities for property players and international retailers, but also presents cultural issues which need to be addressed.
590 ## - LOCAL NOTE (RLIN)
Local note ka
651 #4 - SUBJECT ADDED ENTRY--GEOGRAPHIC NAME
Geographic name India
690 ## - LOCAL SUBJECT ADDED ENTRY--TOPICAL TERM (OCLC, RLIN)
Topical term or geographic name as entry element PROPERTY-COMMERCIAL PROPERTY-RETAIL PROPERTY
942 ## - ADDED ENTRY ELEMENTS (KOHA)
Suppress in OPAC 0
Holdings
Withdrawn status Lost status Source of classification or shelving scheme Damaged status Not for loan Home library Current library Shelving location Date acquired Total Checkouts Full call number Barcode Date last seen Copy number Price effective from Koha item type
    Dewey Decimal Classification     London London Journal article 05/11/2007   L141223 141223-1001 06/08/2019 1 06/08/2019 Journal article